000 00299nam a22001337a 4500
020 _a81-7167-968-4
082 _a823
_bRUP/W
100 _aRUPA HUMOUR SERIES
245 _aWE MEN VS WOMEN
260 _aNEW DELHI
_bRUPA & CO
300 _a60
650 _aENGLISH SHORT STORY
_zNEW DELHI
942 _cBK
999 _c2729
_d2729